Statistics for British Empire Countries

Click here to take the quiz!

General Stats

  • This quiz has been taken 3,050 times
  • The average score is 47 of 74

Answer Stats

Country% Correct
Canada
95%
Australia
94%
India
94%
United States of America
92%
New Zealand
91%
South Africa
90%
Pakistan
86%
Ireland
85%
Egypt
82%
Kenya
79%
Jamaica
79%
Zimbabwe
78%
Bangladesh
76%
Sudan
74%
Nigeria
73%
Bahamas
73%
Zambia
73%
Barbados
72%
Iraq
71%
Fiji
71%
St Kitts and Nevis
70%
Sri Lanka
70%
Malaysia
70%
Singapore
69%
Tanzania
69%
Lesotho
69%
Burma (Myanmar)
69%
Ghana
68%
Israel
68%
Swaziland
67%
Botswana
67%
Antigua and Barbuda
67%
Uganda
67%
Somalia
66%
St Lucia
66%
Namibia
66%
Afghanistan
66%
Trinidad and Tobago
65%
St Vincent and the Grenadines
65%
Nepal
64%
Tonga
63%
Belize
63%
Samoa
62%
Guyana
62%
Oman
61%
Tuvalu
60%
Cyprus
60%
Bhutan
59%
Malta
59%
Grenada
58%
Solomon Islands
58%
Dominica
58%
Kiribati
57%
Nauru
57%
The Gambia
57%
Vanuatu
56%
Seychelles
56%
Malawi
55%
Maldives
55%
Bahrain
54%
Qatar
53%
Papua New Guinea
53%
Kuwait
53%
Sierra Leone
52%
Brunei
52%
Mauritius
50%
Cameroon
50%
Mozambique
48%
Senegal
42%
Suriname
36%
Philippines
34%
Palestine
21%
Georgia
17%
Anguilla
6%

Score Distribution

Percentile by Number Answered

Percent of People with Each Score

Your Score History

You have not taken this quiz